|
|
|
|
| LEADER |
00000nam0a2200000 4500 |
| 001 |
115170 |
| 005 |
20231031122503.0 |
| 010 |
|
|
|a 5080003529
|
| 020 |
|
|
|a RU
|b 89-4116
|
| 035 |
|
|
|a (RuTPU)RU\TPU\book\124553
|
| 090 |
|
|
|a 115170
|
| 100 |
|
|
|a 20070504d1989 c y0rusy5003 ca
|
| 101 |
1 |
|
|a rus
|c fre
|
| 102 |
|
|
|a RU
|
| 105 |
|
|
|a a z 000ay
|
| 200 |
1 |
|
|a Без семьи
|e Роман : [Для младшего возраста]
|f Г. Мало
|g пер. с фр. А. Н. Толстая; худож. Л. П. Зусман
|
| 205 |
|
|
|a [Переизд.]
|
| 210 |
|
|
|a Москва
|c Детская литература
|d 1989
|
| 215 |
|
|
|a 349,[1] с.
|c ил.
|d 21 см
|
| 610 |
1 |
|
|a французская литература
|
| 610 |
1 |
|
|a романы
|
| 610 |
1 |
|
|a дети
|
| 610 |
1 |
|
|a беспризорники
|
| 675 |
|
|
|a 84
|z rus
|v 3
|
| 700 |
|
1 |
|a Мало
|b Г.
|g Гектор
|4 070
|
| 702 |
|
1 |
|a Толстая
|b А. Н.
|4 730
|
| 702 |
|
1 |
|a Зусман
|b Л. П.
|4 440
|
| 801 |
|
0 |
|a RU
|b RuMRKP
|c 19950417
|g psbo
|
| 801 |
|
1 |
|a RU
|b 63413507
|c 20070504
|g PSBO
|
| 801 |
|
2 |
|a RU
|b 63413507
|c 20090316
|g PSBO
|
| 942 |
|
|
|c BK
|